000 00851nam a2200277 a 4500
001 60128
003 BD-RjUL
005 20211209080816.0
008 161228s2012 enka b 001 0 eng
020 _a9780199570843 (pbk.)
020 _a0199570841 (pbk.)
035 _a(BD-RjUL)60252
040 _aDLC
_cDLC
_beng
041 _aeng
082 0 4 _a361.610941
_bSOC 2012
245 0 0 _aSocial policy /
_cedited by John Baldock ... [et al.].
250 _a4th ed.
260 _aOxford ;
_aNew York :
_bOxford University Press,
_c2012.
300 _axxiii, 561 p. :
_bill. ;
_c27 cm.
500 _aPrevious ed.: 2007.
504 _aIncludes bibliographical references (p. [511]-538) and index.
650 0 _aSocial policy.
_zGreat Britain
_9178973
700 1 _aBaldock, John,
_d1948-
_9178974
942 _2ddc
_cBK
999 _c60128
_d60128